000 03124cam a2200697 i 4500
001 ocn946987253
003 OCoLC
005 20200320201422.0
008 160418s2016 nyua c 000 1 eng
010 _a 2015040010
019 _a933591052
_a957291211
020 _a9781681190518 (hardcover)
020 _a1681190516 (hardcover)
020 _z9781681190525 (ebook - epub)
029 1 _aAU@
_b000057296596
035 _a(OCoLC)946987253
_z(OCoLC)933591052
_z(OCoLC)957291211
040 _aDLC
_beng
_erda
_cDLC
_dYDXCP
_dBTCTA
_dBDX
_dJTH
_dOU9
_dCGP
_dIUL
_dVP@
_dIHX
_dTOH
_dANK
_dOCLCO
_dIGA
_dRB0
_dOCLCO
_dOCLCF
_dOCLCO
_dWACOL
042 _alcac
_apcc
043 _an-us-ny
049 _aWACL
050 0 0 _aPZ7.E8685
_bGr 2016
082 0 0 _a[Fic]
_223
092 _ajunior fiction
_bEul
100 1 _aEulberg, Elizabeth,
_eauthor.
_95859611
245 1 4 _aThe Great Shelby Holmes /
_cElizabeth Eulberg ; illustrated by Erwin Madrid.
264 1 _aNew York :
_bBloomsbury,
_c[2016]
300 _a243 pages :
_billustrations ;
_c22 cm
336 _atext
337 _aunmediated
338 _avolume
520 _aNine-year-old Shelby Holmes, the best detective in her Harlem neighborhood, and her new easy-going friend from downstairs, eleven-year-old John Watson, become partners in a dog-napping case.
521 _ajunior fiction
_bjunior library guild
650 1 _aMystery and detective stories.
_95925161
650 1 _aFriendship
_vFiction.
_95673769
651 1 _aHarlem (New York, N.Y.)
_vFiction.
_95771011
650 0 _aChild detectives
_vJuvenile fiction.
_95709730
650 0 _aFriendship in children
_vJuvenile fiction.
_95691626
650 0 _aDogs
_vJuvenile fiction.
_95674840
650 0 _aKidnapping
_xInvestigation
_vJuvenile fiction.
_95925162
651 0 _aHarlem (New York, N.Y.)
_vJuvenile fiction.
_95741252
650 7 _aJUVENILE FICTION / Humorous Stories.
_2bisacsh
_95685987
650 7 _aJUVENILE FICTION / Mysteries & Detective Stories.
_2bisacsh
_95675882
650 7 _aJUVENILE FICTION / Social Themes / Friendship.
_2bisacsh
_95715225
650 7 _aChild detectives.
_2fast
_0(OCoLC)fst01893205
_95925163
650 7 _aDogs.
_2fast
_0(OCoLC)fst00896265
_95925164
650 7 _aFriendship in children.
_2fast
_0(OCoLC)fst00935198
_95925165
650 7 _aKidnapping
_xInvestigation.
_2fast
_0(OCoLC)fst01920579
_95925166
651 7 _aNew York (State)
_zNew York
_zHarlem.
_2fast
_0(OCoLC)fst01312318
_95925167
655 7 _aMystery fiction.
_2gsafd
_95925168
655 7 _aDetective and mystery fiction.
_2lcgft
_95683641
655 7 _aFiction.
_2fast
_0(OCoLC)fst01423787
_95673940
655 7 _aJuvenile works.
_2fast
_0(OCoLC)fst01411637
_95673941
700 1 _aMadrid, Erwin,
_eillustrator.
_95925169
938 _aBrodart
_bBROD
_n114632375
938 _aBaker and Taylor
_bBTCP
_nBK0018198318
938 _aYBP Library Services
_bYANK
_n12771767
942 _cBOOK
_06
948 _a11/08/2016
_zSirsi
994 _aC0
_bWACOL
996 _a135943
_b34301001332628
_cJ
_dbk
_ewcl
_fi
_g6
_h16.99
_ljunior library guild
_mEul
_p12/19/2016
_q04/15/2019
_r03/22/2019
999 _c294899
_d294898